logo

Bir Sreshtho Munshi Abdur Rouf Library
Jhenaidah Cadet College

Lenin and The Downfall of Tsarist Russia (Record no. 10045)

MARC details
000 -LEADER
fixed length control field 00599nam a22002177a 4500
001 - CONTROL NUMBER
JCCL Control Number 10045
003 - CONTROL NUMBER IDENTIFIER
JCCL marc code BD-JhCC
005 - DATE AND TIME OF LATEST TRANSACTION
control field 20190509095443.0
008 - FIXED-LENGTH DATA ELEMENTS--GENERAL INFORMATION
fixed length control field 180404s1966 nyup|||| |||| 00| 0 eng d
035 ## - SYSTEM CONTROL NUMBER
system control number (BD-JhCC) 10045
040 ## - CATALOGING SOURCE
Original cataloging agency BD-JhCC
Modifying agency BD-JhCC
041 ## - LANGUAGE CODE
Language code of Book eng
082 ## - DEWEY DECIMAL CLASSIFICATION NUMBER
Classification number 947.083092
Author mark and Year ROB 1966
100 ## - MAIN ENTRY--PERSONAL NAME
Personal name Roberts, Elizabeth Mauchline
245 ## - TITLE STATEMENT
Title Lenin and The Downfall of Tsarist Russia
Remainder of title Elizabeth Mauchline Roberts
260 ## - PUBLICATION, DISTRIBUTION, ETC. (IMPRINT)
Place of publication, distribution, etc London :
Name of publisher, distributor, etc Methuen's Outlines
Date of publication, distribution, etc 1966
300 ## - PHYSICAL DESCRIPTION
Pagination 99 p:
Other physical details ill
Dimensions 21 cm
650 ## - SUBJECT ADDED ENTRY--TOPICAL TERM
Topical term or geographic name as entry element Revolution
Geographic subdivision Russia
942 ## - ADDED ENTRY ELEMENTS (KOHA)
Source of classification or shelving scheme Dewey Decimal Classification
Koha item type Books
Holdings
Source of classification or shelving scheme Damaged status Not for loan Home library Current library Shelving location Date of accession Total Checkouts Full call number Barcode Date last seen Copy number Koha item type
Dewey Decimal Classification     JCC Rouf Library JCC Rouf Library General Stacks 04/04/2018   947.083092 ROB 1966 12637 04/04/2018 C-1 Books

JCC Library | Contacts | JCC Home

Last Update on 23 September 2017
Copyright @ 2017-2020 JCC Rouf Library
Rouf Library, Jhenidah Cadet College (JCC), Bangladesh